| 000 | 01246nam a2200289Ia 4500 | ||
|---|---|---|---|
| 001 | ebr10435072 | ||
| 003 | CaPaEBR | ||
| 006 | m u | ||
| 007 | cr cn||||||||| | ||
| 008 | 100624s2010 mdua sb 001 0 eng d | ||
| 020 | _z9780759119970 | ||
| 040 |
_aCaPaEBR _cCaPaEBR |
||
| 035 | _a(OCoLC)698590299 | ||
| 050 | 1 | 4 |
_aE78.S7 _bC65 2010eb |
| 100 | 1 |
_aColwell-Chanthaphonh, Chip _q(John Stephen), _d1975- |
|
| 245 | 1 | 0 |
_aLiving histories _h[electronic resource] : _bNative American issues and Southwestern archaeology / _cChip Colwell-Chanthaphonh. |
| 260 |
_aLanham, MD : _bAltamira Press, _cc2010. |
||
| 300 |
_ax, 201 p. : _bill. |
||
| 490 | 0 | _aIssues in Southwest archeology | |
| 504 | _aIncludes bibliographical references and index. | ||
| 533 |
_aElectronic reproduction. _bPalo Alto, Calif. : _cebrary, _d2011. _nAvailable via World Wide Web. _nAccess may be limited to ebrary affiliated libraries. |
||
| 650 | 0 |
_aArchaeology _zSouthwest, New _xHistory. |
|
| 650 | 0 |
_aIndians of North America _zSouthwest, New _xAntiquities. |
|
| 655 | 7 |
_aElectronic books. _2local |
|
| 710 | 2 | _aebrary, Inc. | |
| 856 | 4 | 0 |
_uhttp://site.ebrary.com/lib/rucke/Doc?id=10435072 _zAn electronic book accessible through the World Wide Web; click to view |
| 999 |
_c148737 _d148737 |
||